000 01030nac a22003137a 4500
001 BR0805574
003 BR-BrBNA
005 20240105123641.0
008 230509b bl.|||m| |||| 00| 0 por d
040 _aBR-BrBNA
_bpor
_cBiblioteca Nacional de Agricultura
072 _aF02
090 _a3103 BR0805574
100 1 _aSeverino, L.S.
100 1 _aLima, R. de L.S. de
100 1 _aBeltrão, N.E. de M.
110 1 _aEMBRAPA Algodão, Campina Grande, PB (Brasil)
_93546
245 1 _aAvaliação de mudas de pinhão manso em recipientes de diferentes volumes
260 3 _aCampina Grande, PB (Brasil):
_c2007.
300 _a14 p.
490 _aBoletim de Pesquisa e Desenvolvimento - EMBRAPA Algodão (Brazil)
_vno. 81
_xISSN 0103-0841
500 _aSummaries (En, Pt); 10 ref.
650 _aPINHÃO DE PURGA
650 _aJATROPHA CURCAS
650 _aPROPAGAÇÃO VEGETATIVA
650 _aMUDA
650 _aMÉTODO ESTATÍSTICO
909 _a202312
_bLúcia Elande
_c55
_dLúcia Elande
942 _2AGRIS
_n0
_cMS
999 _c296386
_d296386